000 00558ntaaa2200205 4500
003 01
005 20251027203041.0
008 0714s1973 ag 01
020 _a8424911113
040 _aAR-BaBN
_bspa
_cAR-BaBN
_eaacr
_dRIC
082 _a463.0000 C23d
100 _aCarreter, Fernando Lázaro
_931647
245 _aDiccionario de términos filológicos
250 _a3 ed.corr
260 _aMadrid :
_bGredos,
_c1968 1981
300 _a444 p ;
_c18 cm
650 _aFilologia-Diccionario
_931648
650 _aDiccionario Filologico
_931649
942 _cBK
999 _c25874
_d25874